000 01720nam a2200385Ia 4500
001 ebr10150455
003 CaPaEBR
006 m u
007 cr cn|||||||||
008 050706s2006 nyu sb 101 0 eng d
010 _z 2005049304
020 _z1403977240
020 _z1403970254
040 _aCaPaEBR
_cCaPaEBR
035 _a(OCoLC)567962857
050 1 4 _aU793
_b.P76 2006eb
082 0 4 _a327.1/745/0956
_222
245 0 0 _aProliferation of weapons of mass destruction in the Middle East
_h[electronic resource] :
_bdirections and policy options in the new century /
_c[edited by] James A. Russell.
250 _a1st ed.
260 _aNew York :
_bPalgrave Macmillan,
_c2006.
300 _axii, 242 p.
490 1 _aInitiatives in strategic studies--issues and policies
500 _aEssays originally presented at a conference held at the Naval Postgraduate School in June 2004.
504 _aIncludes bibliographical references and index.
533 _aElectronic reproduction.
_bPalo Alto, Calif. :
_cebrary,
_d2009.
_nAvailable via World Wide Web.
_nAccess may be limited to ebrary affiliated libraries.
650 0 _aWeapons of mass destruction
_zMiddle East
_vCongresses.
650 0 _aNuclear nonproliferation
_zMiddle East
_vCongresses.
650 0 _aArms control
_zMiddle East
_vCongresses.
651 0 _aMiddle East
_xMilitary policy
_vCongresses.
655 7 _aElectronic books.
_2local
700 1 _aRussell, James A.
_q(James Avery),
_d1958-
710 2 _aebrary, Inc.
830 0 _aInitiatives in strategic studies--issues and policies.
856 4 0 _uhttp://site.ebrary.com/lib/rucke/Doc?id=10150455
_zAn electronic book accessible through the World Wide Web; click to view
999 _c202951
_d202951